The gospel commission : (Record no. 10986)

MARC details
000 -LEADER
fixed length control field 02863cam a2200373 a 4500
001 - CONTROL NUMBER
control field 16511338
003 - CONTROL NUMBER IDENTIFIER
control field GBCCL
005 - DATE AND TIME OF LATEST TRANSACTION
control field 20251106144748.0
008 - FIXED-LENGTH DATA ELEMENTS--GENERAL INFORMATION
fixed length control field 101021s2011 miu b 000 0 eng
020 ## - INTERNATIONAL STANDARD BOOK NUMBER
International Standard Book Number 9780801013898
Qualifying information cloth
020 ## - INTERNATIONAL STANDARD BOOK NUMBER
International Standard Book Number 0801013895
Qualifying information cloth
035 ## - SYSTEM CONTROL NUMBER
System control number 16511338
035 ## - SYSTEM CONTROL NUMBER
System control number (OCoLC)662401653
040 ## - CATALOGING SOURCE
Original cataloging agency DLC
Transcribing agency DLC
Modifying agency YDX
-- BTCTA
-- DTM
-- YDXCP
-- LNT
-- BWX
-- XPQ
-- DLC
082 00 - DEWEY DECIMAL CLASSIFICATION NUMBER
Classification number 266.001
Edition information 22
Item number HOR 1
100 1# - MAIN ENTRY--PERSONAL NAME
Personal name Horton, Michael Scott.
245 14 - TITLE STATEMENT
Title The gospel commission :
Remainder of title recovering God's strategy for making disciples /
Statement of responsibility, etc. Michael Horton.
260 ## - PUBLICATION, DISTRIBUTION, ETC.
Place of publication, distribution, etc. Grand Rapids, Mich. :
Name of publisher, distributor, etc. Baker Books,
Date of publication, distribution, etc. c2011.
300 ## - PHYSICAL DESCRIPTION
Extent 316 p. ;
Dimensions 23 cm.
336 ## - CONTENT TYPE
Content type term text
Content type code txt
Source rdacontent
337 ## - MEDIA TYPE
Media type term unmediated
Media type code n
Source rdamedia
338 ## - CARRIER TYPE
Carrier type term volume
Carrier type code nc
Source rdacarrier
504 ## - BIBLIOGRAPHY, ETC. NOTE
Bibliography, etc. note Includes bibliographical references.
505 0# - FORMATTED CONTENTS NOTE
Formatted contents note Pt. 1. The great announcement. Before you go -- Exodus and conquest : the gospel and the kingdom -- pt. 2. The mission statement. An urgent imperative : "go therefore . . ." -- One gospel and many cultures : contextualization -- The goal : "making disciples" -- pt. 3. The strategic plan. How to make disciples -- Disciples and discipline : "teaching them to observe all that I have commanded" -- The great commission and the great commandment : evangelism and social justice -- Mission creep : inventing our own strategic plan -- Until He comes : the great assurance.
520 8# - SUMMARY, ETC.
Summary, etc. "Are we really fulfilling Jesus's final command? Many churches in America today want to be powerful, relevant, and influential in personal and social transformation. A plethora of programs for outreach, discipleship, and spiritual disciplines are available at any bookstore and on countless websites. Yet what we need most is a renewed understanding of and commitment to the Great Commission. We assume that we already know the nature of this commission and the appropriate methods of carrying it out. But Michael Horton contends that it too often becomes our mission instead of God's. At a time when churches are zealously engaged in creating mission statements and strategic plans, he argues that we must ask ourselves anew whether we are ambassadors, following the script we've been given, or building our own kingdoms with our own blueprint. Pastors and church leaders will value this frank and hopeful next-step exploration of the Great Commission as a call to renewed understanding and good practice" -- Publisher description.
650 #0 - SUBJECT ADDED ENTRY--TOPICAL TERM
Topical term or geographic name entry element Discipling (Christianity)
650 #0 - SUBJECT ADDED ENTRY--TOPICAL TERM
Topical term or geographic name entry element Evangelistic work.
650 #0 - SUBJECT ADDED ENTRY--TOPICAL TERM
Topical term or geographic name entry element Missions
General subdivision Theory.
650 #0 - SUBJECT ADDED ENTRY--TOPICAL TERM
Topical term or geographic name entry element Mission of the church.
906 ## - LOCAL DATA ELEMENT F, LDF (RLIN)
a 7
b cbc
c orignew
d 1
e ecip
f 20
g y-gencatlg
942 ## - ADDED ENTRY ELEMENTS (KOHA)
Source of classification or shelving scheme Dewey Decimal Classification
Koha item type Books
Suppress in OPAC No
Holdings
Withdrawn status Lost status Source of classification or shelving scheme Damaged status Not for loan Home library Current Library Shelving location Date acquired Total checkouts Full call number Barcode Date last seen Date last checked out Copy number Price effective from Koha item type
    Dewey Decimal Classification     GRACE BIBLE COLLEGE GRACE BIBLE COLLEGE Ministry & Mission 2025-11-06 1 266.001 HOR 017258 2026-01-27 2026-01-21 c.1 2025-11-06 Books
© Grace Bible College Library 2025